[Event "Wch U10"]
[Site "Porto Carras"]
[Date "2015.11.05"]
[Round "11"]
[White "Can, Isik"]
[Black "Sartorio, William J"]
[Result "1-0"]
[WhiteElo "2123"]
[BlackElo "1725"]
[PlyCount "107"]
[EventDate "2015.10.26"]
[EventType "swiss"]
[EventRounds "11"]
[EventCountry "GRE"]
[SourceTitle "CBM 169 Extra"]
[Source "ChessBase"]
[SourceDate "2015.12.18"]
[SourceVersion "1"]
[SourceVersionDate "2015.12.18"]
[SourceQuality "1"]

1. e4 c5 2. Nf3 e6 3. d4 cxd4 4. Nxd4 a6 5. Bd3 Qc7 6. 0-0 Nc6 7. Nxc6 dxc6 8. c4 Nf6 9. Qe2 e5 10. b3 Bc5 11. Bb2 Bg4 12. Qc2 Rd8 13. Nc3 0-0 14. Na4 Bd4 15. Bxd4 Rxd4 16. f3 Rfd8 17. Rfd1 Be6 18. Rd2 Nh5 19. g3 f5 20. Rad1 Qa5 21. Nc3 f4 22. g4 Nf6 23. Bf1 Qb6 24. Rxd4 Rxd4 25. Qf2 Bxg4 26. Na4 Qd8 27. Rxd4 exd4 28. e5 d3 29. exf6 d2 30. Nc3 Bxf3 31. Qxf3 Qd4+ 32. Kh1 Qxc3 33. Qxc3 d1Q 34. Qd3 Qxd3 35. Bxd3 g5 36. Kg2 h6 37. Bf5 Kf7 38. Bc8 b5 39. Bxa6 b4 40. c5 Kxf6 41. Bb7 Ke5 42. Bxc6 Kd4 43. Bd7 Kxc5 44. Kf3 Kd4 45. Be6 Kc3 46. Bf7 Kb2 47. a4 bxa3 48. b4 Kc3 49. b5 Kd4 50. b6 g4+ 51. Kxf4 g3 52. hxg3 a2 53. Bxa2 Kc3 54. b7 1-0

[Event "Wch U10"]
[Site "Porto Carras"]
[Date "2015.10.27"]
[Round "3"]
[White "Kirillov, Dmitry"]
[Black "Sartorio, William J"]
[Result "0-1"]
[WhiteElo "1894"]
[BlackElo "1725"]
[PlyCount "146"]
[EventDate "2015.10.26"]
[EventType "swiss"]
[EventRounds "11"]
[EventCountry "GRE"]
[SourceTitle "CBM 169 Extra"]
[Source "ChessBase"]
[SourceDate "2015.12.18"]
[SourceVersion "1"]
[SourceVersionDate "2015.12.18"]
[SourceQuality "1"]

1. e4 c5 2. Nf3 e6 3. Nc3 a6 4. d4 cxd4 5. Nxd4 Qc7 6. Be3 Bb4 7. Qd3 Nf6 8. f3 Nc6 9. Nxc6 dxc6 10. Be2 0-0 11. Rd1 b5 12. 0-0 Bb7 13. Bf2 Rad8 14. Qe3 e5 15. Kh1 Be7 16. Qb6 Qb8 17. a4 Nd7 18. Qa5 b4 19. Nb1 c5 20. c3 Bd6 21. Bxa6 Bc6 22. Be2 Rc8 23. cxb4 cxb4 24. Qa7 Qxa7 25. Bxa7 Bc5 26. Bxc5 Nxc5 27. a5 Ba4 28. Rd5 f6 29. Nd2 Ne6 30. Bc4 Kh8 31. b3 Bc6 32. Rd6 Nc5 33. Bd5 Bxd5 34. Rxd5 Rfd8 35. Rc1 Ne6 36. Rxc8 Rxc8 37. Nc4 h6 38. Rb5 Nd4 39. Rxb4 Nxb3 40. Rxb3 Rxc4 41. Kg1 Ra4 42. Rb8+ Kh7 43. Ra8 Ra2 44. a6 Kg6 45. g3 Ra3 46. f4 exf4 47. gxf4 Kh5 48. e5 Kg4 49. Kf2 Kxf4 50. a7 Ra2+ 51. Ke1 Ke3 52. Kd1 fxe5 53. Re8 Rxa7 54. Rxe5+ Kf4 55. Rb5 Ra1+ 56. Ke2 Ra2+ 57. Kf1 Rxh2 58. Rb7 g6 59. Rb4+ Kg5 60. Kg1 Ra2 61. Rb5+ Kh4 62. Rb4+ Kh5 63. Rb5+ g5 64. Rc5 Kh4 65. Rc4+ g4 66. Rc6 h5 67. Rc5 g3 68. Rb5 Re2 69. Kf1 Re4 70. Kg2 Kg4 71. Rb8 Re2+ 72. Kf1 Rc2 73. Rb4+ Kh3 0-1